| 000 | 00476nam a2200181 i 4500 | ||
|---|---|---|---|
| 001 | bg | ||
| 100 | 1 | _aEWERTOWSKA-MADEJ, Zofia | |
| 245 | 0 |
_aMechanika płynów : _btablice i wykresy / _cZofia Ewertowska-Madej. |
|
| 260 |
_aKoszalin, _c1990. |
||
| 650 | 9 | _aMechanika płynów | |
| 655 | _aPodręczniki akademickie | ||
| 655 | _aTablice i wzory | ||
| 040 | _cBPK | ||
| 041 | _apol | ||
| 080 | _a532(075.8)(083) | ||
| 942 | _cKS | ||
| 008 | s pl f |000 0 pol | ||
| 999 |
_c4284 _d4284 |
||
| 856 |
_uhttp://koha.tu.koszalin.pl/cgi-bin/koha/opac-detail.pl?biblionumber=4284 _yKatalog online BPK |
||